00550nam a22001817a 450000500170000001000270001702000260004403500130007003500140008303700130009708200140011024500580012426000370018227000530021930000260027250000500029870000200034820230523145247.0 aENG-110816 ENG-136997 a9788171326846c700.00 aEN-94348 aEN-120529 bDBAD/PUB a634.90954 aIndian forest and forestry /cedited by Rohit Balyani aJaipurbPointer Publishersc2012 a807, Vyas Building, Chaura RastabJaipure302003 axviii,195p.c22cm(Hb) aIncludes bibliographical references and index aBalyani, Rohit